00757nam a2200229 i 4500001001000000003000900010005001700019007000300036008004100039040003000080082001400110100002600124245011200150264007400262300003800336336002700374337003300401338002800434490001300462500003900475830001300514000031815DO-SdBNP20240930114453.0ta110706s1961 dr a 000 0 spa d aDO-SdBNPbspacBNPHUerda bR621v2221 aRivera, Papitoeautor10aVilla de Santiago y Ciudad de Santiago de los 30 Caballeros :b(Apuntes para su historia) /cPapito Rivera. aCiudad Trujillo, República Dominicana :bEditora del Caribe,c1961. atomo 1 :bilustraciones ;c23 cm. ardacontentbtexto2txt ardamediabsin mediación2n brdacarrier0volumen2nc1 aSantiago aLa biblioteca solo posee el tomo 1 0aSantiago